[Event "ICS rated blitz match"]
[Site "204.178.125.65"]
[Date "2000.09.09"]
[Round "?"]
[White "Alex1731"]
[Black "Hossa"]
[Result "0-1"]
[WhiteElo "2009"]
[BlackElo "2601"]
[PlyCount "50"]
[EventDate "2000.??.??"]

1. e4 e5 2. Nf3 Nc6 3. Bc4 Nf6 4. d3 Be7 5. Nc3 d6 6. h3 Na5 7. O-O Nxc4 8.
dxc4 Be6 9. Qe2 c6 10. Rd1 Qc7 11. Bg5 O-O 12. a3 Rfd8 13. b4 b6 14. Rd2 a5 15.
b5 cxb5 16. Bxf6 Bxf6 17. Nxb5 Qc6 18. Rd5 Rac8 19. Rad1 Bxd5 20. Rxd5 Qxc4 21.
Qxc4 Rxc4 22. Nxd6 Rxc2 23. Nxe5 Rxd6 24. Rxd6 Rc1+ 25. Kh2 Bxe5+ {
Alex1731 resigns} 0-1

[Event "ICS rated blitz match"]
[Site "204.178.125.65"]
[Date "2000.09.09"]
[Round "?"]
[White "Hossa"]
[Black "Alex1731"]
[Result "1-0"]
[WhiteElo "2602"]
[BlackElo "2008"]
[PlyCount "37"]
[EventDate "2000.??.??"]

1. e4 e6 2. d4 d5 3. Nc3 Bb4 4. e5 c5 5. a3 Bxc3+ 6. bxc3 Nc6 7. Bd3 Bd7 8. Qg4
g6 9. Nf3 Nge7 10. Qh4 c4 11. Qf6 Rg8 12. Be2 Qa5 13. Bd2 O-O-O 14. Ng5 Nf5 15.
g4 h6 16. Nxf7 Rdf8 17. gxf5 Nd8 18. fxg6 Nxf7 19. gxf7 {Alex1731 resigns} 1-0

[Event "ICS rated blitz match"]
[Site "204.178.125.65"]
[Date "2000.09.09"]
[Round "?"]
[White "Alex1731"]
[Black "Hossa"]
[Result "0-1"]
[WhiteElo "2007"]
[BlackElo "2603"]
[PlyCount "30"]
[EventDate "2000.??.??"]

1. e4 e5 2. f4 exf4 3. Nf3 g5 4. Bc4 g4 5. d4 gxf3 6. Qxf3 d5 7. Bxd5 Nf6 8.
Bb3 Qxd4 9. Bxf4 Qxb2 10. O-O Qxa1 11. e5 Bc5+ 12. Kh1 Ng4 13. h3 Nf2+ 14. Kh2
h5 15. Nc3 Qxf1 {Alex1731 resigns} 0-1

[Event "ICS rated blitz match"]
[Site "204.178.125.65"]
[Date "2000.09.09"]
[Round "?"]
[White "Hossa"]
[Black "Alex1731"]
[Result "1-0"]
[WhiteElo "2604"]
[BlackElo "2006"]
[PlyCount "33"]
[EventDate "2000.??.??"]

1. e4 c5 2. Nf3 d6 3. d4 cxd4 4. Nxd4 Nf6 5. Nc3 e6 6. g3 Be7 7. Bg2 O-O 8. O-O
a6 9. Be3 Nc6 10. Nxc6 bxc6 11. e5 Nd5 12. exd6 Bxd6 13. Ne4 Bc7 14. Bc5 Re8
15. c4 Nb6 16. Bxb6 Bxb6 17. Nd6 {Alex1731 resigns} 1-0

[Event "ICS Rated blitz match"]
[Site "204.178.125.65"]
[Date "2000.09.09"]
[Round "?"]
[White "Alex1731"]
[Black "Hossa"]
[Result "0-1"]
[WhiteElo "2005"]
[BlackElo "2605"]
[PlyCount "88"]
[EventDate "2000.??.??"]

1. e4 g6 2. d4 Bg7 3. Nf3 d6 4. Bc4 Nf6 5. Nc3 Nxe4 6. Bxf7+ Kxf7 7. Nxe4 Rf8
8. O-O Kg8 9. h3 d5 10. Nc5 b6 11. Nd3 Ba6 12. Re1 Qd6 13. Bg5 Nc6 14. c3 Bb5
15. a4 Bxd3 16. Qxd3 Rae8 17. Re2 e5 18. dxe5 Nxe5 19. Nxe5 Rxe5 20. Rxe5 Qxe5
21. Be3 c6 22. a5 Qc7 23. axb6 axb6 24. Ra6 Rb8 25. g3 Be5 26. Bd4 Bxd4 27.
Qxd4 Qb7 28. Qa4 b5 29. Qa5 Re8 30. Ra7 Qb8 31. Rc7 Re1+ 32. Kg2 Qe8 33. Qb4
Rb1 34. Re7 Qf8 35. Qd6 Re1 36. Re6 Qxd6 37. Rxd6 Rb1 38. b4 Rc1 39. Rxc6 d4
40. Rb6 d3 41. Rxb5 d2 42. Rd5 d1=Q 43. Rxd1 Rxd1 44. c4 Rd4 {Alex1731 resigns}
0-1

[Event "ICS rated blitz match"]
[Site "204.178.125.65"]
[Date "2000.09.09"]
[Round "?"]
[White "N-DeFirmian"]
[Black "Hossa"]
[Result "1/2-1/2"]
[WhiteElo "2424"]
[BlackElo "2606"]
[PlyCount "146"]
[EventDate "2000.??.??"]

1. e4 g6 2. d4 Bg7 3. Nc3 e6 4. h4 d5 5. e5 Ne7 6. h5 gxh5 7. Qxh5 Nbc6 8. Nf3
Nb4 9. Kd1 b6 10. a3 Nbc6 11. Ng5 Ng6 12. Be3 h6 13. Nxf7 Kxf7 14. Bd3 Nce7 15.
g4 Qg8 16. f4 Qh7 17. f5 exf5 18. gxf5 Bxf5 19. Bxf5 Rhf8 20. Rg1 c6 21. Kd2
Bxe5 22. dxe5 Rg8 23. Raf1 Nxf5 24. Qxf5+ Ke8 25. e6 Ke7 26. Qf7+ Qxf7 27. exf7
Rg7 28. f8=Q+ Rxf8 29. Rxf8 Kxf8 30. Bxh6 Kf7 31. Bxg7 Kxg7 32. Ne2 Kf6 33. Nd4
Ne5 34. Kc1 a6 35. Rf1+ Ke7 36. Re1 Kf6 37. b3 c5 38. Ne2 Ke6 39. Nf4+ Kd6 40.
a4 d4 41. Re4 a5 42. Kd1 Nc6 43. Re6+ Kd7 44. Rh6 Ne5 45. Nd5 Ng4 46. Nxb6+ Ke7
47. Nd5+ Kf7 48. Ra6 Nf2+ 49. Ke2 Ne4 50. Rxa5 Ke6 51. Nf4+ Kd6 52. Kd3 Ke5 53.
Ne2 Kd5 54. Nxd4 Nf2+ 55. Ke2 Ne4 56. Nf5 Ke5 57. Ne3 Kd4 58. Nd1 Kd5 59. c3
Kc6 60. b4 cxb4 61. cxb4 Kd7 62. Re5 Nd6 63. Rd5 Ke6 64. Rxd6+ Kxd6 65. Kd3 Kc7
66. Nc3 Kd7 67. Kc4 Ke6 68. Kc5 Ke7 69. a5 Kd7 70. a6 Kc7 71. a7 Kc8 72. b5 Kd7
73. b6 Ke6 1/2-1/2

[Event "ICS rated blitz match"]
[Site "204.178.125.65"]
[Date "2000.09.09"]
[Round "?"]
[White "hiperjediisback"]
[Black "Hossa"]
[Result "0-1"]
[WhiteElo "1962"]
[BlackElo "2599"]
[PlyCount "26"]
[EventDate "2000.??.??"]

1. e4 e5 2. Nf3 Nc6 3. Nc3 Nf6 4. d3 d5 5. Bg5 d4 6. Nd5 Be6 7. Nxf6+ gxf6 8.
Bd2 Qd7 9. c3 O-O-O 10. Qa4 Bc5 11. b4 dxc3 12. Bxc3 Nxb4 13. Qxd7+ Rxd7 0-1

[Event "ICS rated blitz match"]
[Site "204.178.125.65"]
[Date "2000.09.09"]
[Round "?"]
[White "Hossa"]
[Black "hiperjediisback"]
[Result "1-0"]
[WhiteElo "2600"]
[BlackElo "1961"]
[PlyCount "85"]
[EventDate "2000.??.??"]

1. e4 c5 2. Nf3 Nc6 3. d4 cxd4 4. Nxd4 g6 5. Nc3 Bg7 6. Be3 Nf6 7. Bc4 O-O 8.
Bb3 d6 9. f3 Bd7 10. Qd2 a6 11. Nxc6 Bxc6 12. Bh6 Qb6 13. a3 Rfd8 14. Be3 Qc7
15. O-O e6 16. Bh6 Bh8 17. Rad1 Rac8 18. Bf4 Rd7 19. Bxd6 Qb6+ 20. Qf2 Qxf2+
21. Kxf2 Ne8 22. Bf4 Rcd8 23. e5 Nc7 24. Kg1 h6 25. Rxd7 Rxd7 26. h4 g5 27.
hxg5 hxg5 28. Bg3 f6 29. exf6 Bxf6 30. Bxc7 Rxc7 31. Bxe6+ Kg7 32. Re1 Bxc3 33.
bxc3 Ba4 34. Bb3 Bb5 35. Re6 g4 36. fxg4 Rxc3 37. Re7+ Kg6 38. Rxb7 Rg3 39.
Rb6+ Kg5 40. a4 Bxa4 41. Bxa4 Rxg4 42. Rxa6 Rc4 43. g3 1-0

[Event "ICS rated blitz match"]
[Site "204.178.125.65"]
[Date "2000.09.09"]
[Round "?"]
[White "hiperjediisback"]
[Black "Hossa"]
[Result "0-1"]
[WhiteElo "1960"]
[BlackElo "2601"]
[PlyCount "80"]
[EventDate "2000.??.??"]

1. d4 d5 2. Nf3 Nf6 3. Bf4 c6 4. e3 Qb6 5. Qc1 Nh5 6. Be5 Nd7 7. g4 Nxe5 8.
Nxe5 Nf6 9. f3 e6 10. h3 Bd6 11. f4 c5 12. c3 cxd4 13. cxd4 Ne4 14. Bd3 Bb4+
15. Nc3 f6 16. Nf3 Qc6 17. Bxe4 dxe4 18. Nd2 h5 19. gxh5 f5 20. a3 Be7 21. Qd1
Bh4+ 22. Kf1 Bd7 23. Rg1 Kf8 24. Qe2 Be8 25. Rc1 Rxh5 26. Na2 Qd7 27. Nc4 Rc8
28. Ne5 Rxc1+ 29. Nxc1 Qc7 30. Qd2 Bb5+ 31. Kg2 Kg8 32. Nb3 b6 33. Rc1 Qb8 34.
Qc3 Qe8 35. Qc8 Bd8 36. Nd2 Qe7 37. Ng6 Qf6 38. Kh2 Rh6 39. Ne5 Qh4 40. Ndc4
Qf2+ 0-1

[Event "ICS rated blitz match"]
[Site "204.178.125.65"]
[Date "2000.09.09"]
[Round "?"]
[White "Hossa"]
[Black "hiperjediisback"]
[Result "1-0"]
[WhiteElo "2602"]
[BlackElo "1959"]
[PlyCount "109"]
[EventDate "2000.??.??"]

1. e4 c5 2. Nf3 Nc6 3. d4 cxd4 4. Nxd4 d6 5. Be3 Nf6 6. Bb5 Bd7 7. Nc3 g6 8.
O-O Bg7 9. Qd2 O-O 10. Bxc6 bxc6 11. Bh6 Bxh6 12. Qxh6 Qb6 13. Nb3 Be6 14. h3
a5 15. Rfb1 a4 16. Nd2 Qb4 17. a3 Qb6 18. Nf3 Kh8 19. Ng5 Rg8 20. b3 Rg7 21.
Nxa4 Qd4 22. Rd1 Qe5 23. f4 Qb5 24. Nxe6 fxe6 25. Re1 c5 26. Nc3 Qb6 27. e5
dxe5 28. fxe5 Nd5 29. Na4 Qa7 30. c4 Nc7 31. Rf1 Rag8 32. Qe3 Na6 33. Rab1 Qd7
34. Rf3 Qd4 35. Qxd4 cxd4 36. b4 Rd8 37. b5 Nb8 38. Nc5 Rc8 39. Nxe6 Rgg8 40.
Rf7 Rxc4 41. Rxe7 d3 42. Ng5 Rg7 43. Nf7+ Kg8 44. e6 Rxf7 45. exf7+ Kf8 46.
Re8+ Kxf7 47. Rxb8 d2 48. Rf1+ Ke7 49. Rb7+ Kd6 50. Rb6+ Kd5 51. Rb8 Kc5 52.
Rc8+ Kxb5 53. Rb1+ Rb4 54. Rxb4+ Ka6 55. Ra8# 1-0